000 00635nam a22001937a 4500
005 20160330113307.0
008 160329b xxu||||| |||| 00| 0 eng d
020 _a0748715967
050 _aHF5686.H75H37
100 _aHarris, Peter J.
_923449
245 _aManagerial accounting in the hospitality industry
_cby Harris, Peter J. and Hazzard, Peter A.
250 _a5th ed.
260 _aGloucestershire
_bStanley Thornes
_c1992
300 _a352p.;
_c24cm.
650 _aHotels
_2Accounting
_923450
650 _aCaterers and catering
_2Accounting
_923451
700 _aHazzard, Peter A.
_923452
942 _2lcc
_cMONOGRAPH
999 _c124504
_d124504